[Event "Mexico City Icaro op"]
[Site "Mexico City"]
[Date "2007.04.30"]
[Round "7"]
[White "Ferriz Carrasquedo, Alfonso"]
[Black "De Winter, Willy"]
[Result "1-0"]
[WhiteElo "2056"]
[BlackElo "2118"]
[PlyCount "71"]
[EventDate "2007.04.27"]
[EventType "swiss"]
[EventRounds "9"]
[EventCountry "MEX"]
[SourceTitle "CBM 118 Extra"]
[Source "ChessBase"]
[SourceDate "2007.07.04"]
[SourceVersion "1"]
[SourceVersionDate "2007.07.04"]
[SourceQuality "1"]

1. e4 c5 2. Nc3 Nc6 3. f4 e6 4. Nf3 Nge7 5. Bb5 a6 6. Bxc6 bxc6 7. 0-0 d5 8. d3 g6 9. Qe1 Bg7 10. e5 0-0 11. Na4 c4 12. dxc4 dxc4 13. Be3 f6 14. Bc5 fxe5 15. fxe5 Rf5 16. g4 Rf4 17. Qg3 Nd5 18. Rad1 g5 19. Be3 Qc7 20. Bxf4 gxf4 21. Qh4 Bd7 22. Rfe1 Rf8 23. Nc5 Bc8 24. Ng5 h6 25. Ngxe6 Bxe6 26. Nxe6 Qb6+ 27. Qf2 Qxf2+ 28. Kxf2 Re8 29. Nxg7 Kxg7 30. Re4 c3 31. bxc3 Nxc3 32. Rd7+ Kg6 33. Rc4 Nb5 34. Rxc6+ Kg5 35. Rg7+ Kh4 36. Rxh6# 1-0

[Event "Mexico City Icaro op"]
[Site "Mexico City"]
[Date "2007.04.28"]
[Round "3"]
[White "Venegas Ocampo, Pablo Juan Jose"]
[Black "De Winter, Willy"]
[Result "1-0"]
[WhiteElo "2225"]
[BlackElo "2118"]
[PlyCount "78"]
[EventDate "2007.04.27"]
[EventType "swiss"]
[EventRounds "9"]
[EventCountry "MEX"]
[SourceTitle "CBM 118 Extra"]
[Source "ChessBase"]
[SourceDate "2007.07.04"]
[SourceVersion "1"]
[SourceVersionDate "2007.07.04"]
[SourceQuality "1"]

1. Nf3 Nf6 2. c4 e6 3. g3 d5 4. Bg2 c6 5. 0-0 Nbd7 6. d4 Be7 7. b3 0-0 8. Nc3 Ne4 9. Bb2 f5 10. Ne1 Bf6 11. e3 Qe7 12. Nd3 g5 13. Qc2 Qg7 14. Rae1 b6 15. Ba3 Re8 16. Nb1 Be7 17. f3 Nef6 18. Bb2 Bb7 19. Nd2 Rac8 20. e4 Bf8 21. exf5 exf5 22. Ne5 Bb4 23. Re2 c5 24. Qxf5 cxd4 25. Bxd4 Bc5 26. Bxc5 Nxc5 27. Rfe1 Rf8 28. Qb1 Rcd8 29. b4 Ne6 30. Nb3 dxc4 31. Nxc4 Nd4 32. Nxd4 Rxd4 33. Ne3 Qd7 34. Nf5 Rd3 35. Bh3 Kh8 36. Re7 Qd5 37. Rxb7 Qxb7 38. Rf1 Qd5 39. Bg2 Rd8 1-0

[Event "Carlos Torre Memorial op 15th"]
[Site "Merida"]
[Date "2002.12.17"]
[Round "5"]
[White "De Winter, Willy"]
[Black "Rosas Garcia, Cesar Arturo"]
[Result "1-0"]
[WhiteElo "2247"]
[BlackElo "2002"]
[PlyCount "61"]
[EventDate "2002.12.13"]
[EventType "swiss"]
[EventRounds "9"]
[EventCountry "MEX"]
[SourceTitle "CBM 091 Extra"]
[Source "ChessBase"]
[SourceDate "2003.01.09"]
[SourceVersion "1"]
[SourceVersionDate "2003.01.09"]
[SourceQuality "1"]

1. d4 e6 2. c4 c5 3. d5 exd5 4. cxd5 d6 5. Nc3 Nf6 6. e4 Bd7 7. a4 Na6 8. Bxa6 bxa6 9. Nge2 Rb8 10. 0-0 Be7 11. h3 Qc7 12. f4 Rb4 13. e5 dxe5 14. fxe5 Qxe5 15. Bf4 Rxf4 16. Nxf4 0-0 17. Qf3 Bd6 18. Rae1 Qd4+ 19. Kh1 Rb8 20. Ne4 Nxe4 21. Rxe4 Qf6 22. b3 h6 23. Qe2 Bc7 24. Ne6 Qxf1+ 25. Qxf1 fxe6 26. dxe6 Be8 27. Re3 Rd8 28. Rd3 Rb8 29. Qd1 Bg6 30. Rd7 Bb6 31. Qa1 1-0

[Event "Fide Mercenarios 54th"]
[Site "Mexico City"]
[Date "2001.??.??"]
[Round "2"]
[White "Gongora Montes, Benjamin"]
[Black "De Winter, Willy"]
[Result "1/2-1/2"]
[WhiteElo "2280"]
[BlackElo "2180"]
[PlyCount "32"]
[EventDate "2001.02.??"]
[EventType "tourn"]
[EventRounds "9"]
[EventCountry "MEX"]
[SourceTitle "EXT 2003"]
[Source "ChessBase"]
[SourceDate "2002.11.25"]
[SourceVersion "1"]
[SourceVersionDate "2002.11.25"]
[SourceQuality "1"]

1. e4 c5 2. Nf3 e6 3. d4 cxd4 4. Nxd4 Nf6 5. Nc3 d6 6. g4 Be7 7. g5 Ng8 8. h4 Nc6 9. Be3 Bd7 10. Ndb5 Qb8 11. Bf4 Ne5 12. Be3 a6 13. f4 Nc6 14. Nd4 b5 15. Bh3 Qb7 16. Qd2 b4 1/2-1/2

[Event "Fide Mercenarios-A"]
[Site "Mexico City"]
[Date "1999.??.??"]
[Round "4"]
[White "De Winter, Willy"]
[Black "Castillo Castelan, Miguel Angel"]
[Result "1-0"]
[WhiteElo "2142"]
[BlackElo "2099"]
[PlyCount "53"]
[EventDate "1999.??.??"]
[EventType "tourn"]
[EventRounds "11"]
[EventCountry "MEX"]
[SourceTitle "EXT 2001"]
[Source "ChessBase"]
[SourceDate "2000.11.22"]
[SourceVersion "1"]
[SourceVersionDate "2000.11.22"]
[SourceQuality "1"]

1. d4 Nf6 2. Nf3 g6 3. g3 Bg7 4. Bg2 d5 5. c4 0-0 6. cxd5 Qxd5 7. Nc3 Qh5 8. Bf4 c6 9. 0-0 Bh3 10. Qb3 Bxg2 11. Kxg2 b6 12. e4 h6 13. e5 Nh7 14. h3 g5 15. Be3 g4 16. hxg4 Qxg4 17. Rh1 Ng5 18. Nxg5 hxg5 19. Qc2 Rc8 20. f3 Qd7 21. Rh5 f6 22. Qb3+ Kf8 23. Rah1 c5 24. e6 Qc6 25. d5 Qd6 26. Qc2 Ke8 27. Rh8+ 1-0

[Event "Carlos Torre Memorial op 12th"]
[Site "Merida"]
[Date "1999.??.??"]
[Round "1"]
[White "De Winter, Willy"]
[Black "Miles, Anthony John"]
[Result "0-1"]
[WhiteElo "2138"]
[BlackElo "2588"]
[PlyCount "52"]
[EventDate "1999.12.??"]
[EventType "swiss"]
[EventRounds "9"]
[EventCountry "MEX"]
[SourceTitle "EXT 2001"]
[Source "ChessBase"]
[SourceDate "2000.11.22"]
[SourceVersion "1"]
[SourceVersionDate "2000.11.22"]
[SourceQuality "1"]

1. d4 d6 2. c4 e5 3. Nf3 e4 4. Ng5 f5 5. Nc3 c6 6. g3 Na6 7. Bg2 Be7 8. h4 Nf6 9. Be3 Nc7 10. Qd2 d5 11. c5 Ng4 12. Bf4 h6 13. Nh3 Ne6 14. 0-0-0 b6 15. f3 Nxf4 16. Qxf4 Nf6 17. Qe3 bxc5 18. Nf4 cxd4 19. Qxd4 0-0 20. Ng6 Re8 21. Bh3 Bd6 22. Rhg1 Kh7 23. Ne5 Bxe5 24. Qc5 Qb6 25. Qxb6 axb6 26. fxe4 Bxc3 0-1

[Event "Fide Mercenarios 39th"]
[Site "Mexico City"]
[Date "1999.??.??"]
[Round "3"]
[White "De Winter, Willy"]
[Black "Tey Carrera, Joaquin"]
[Result "0-1"]
[WhiteElo "2120"]
[BlackElo "2085"]
[PlyCount "70"]
[EventDate "1999.??.??"]
[EventType "tourn"]
[EventRounds "11"]
[EventCountry "MEX"]
[SourceTitle "EXT 2000"]
[Source "ChessBase"]
[SourceDate "1999.11.16"]
[SourceVersion "1"]
[SourceVersionDate "1999.11.16"]
[SourceQuality "1"]

1. d4 Nf6 2. c4 c5 3. d5 b5 4. cxb5 a6 5. bxa6 Bxa6 6. Nc3 g6 7. e4 Bxf1 8. Kxf1 d6 9. g3 Bg7 10. Kg2 0-0 11. Nf3 Nbd7 12. Re1 Qa5 13. h3 Rfb8 14. Re2 Rb7 15. Qc2 Rab8 16. Rb1 Ng4 17. Bd2 Nge5 18. Nxe5 Nxe5 19. b3 Qa6 20. a4 c4 21. Nb5 cxb3 22. Qxb3 Ra8 23. Rc1 h5 24. f4 Nd7 25. Qf3 Qxa4 26. Nc3 Qa3 27. e5 Rb2 28. exd6 exd6 29. Ne4 Rxd2 30. Rc8+ Rxc8 31. Qxa3 Rxe2+ 32. Kf3 Rxe4 33. Kxe4 Rc4+ 34. Kd3 Rc3+ 35. Qxc3 Bxc3 0-1

[Event "Fide Mercenarios 39th"]
[Site "Mexico City"]
[Date "1999.??.??"]
[Round "2"]
[White "Lopez Michelone, Manuel"]
[Black "De Winter, Willy"]
[Result "1/2-1/2"]
[WhiteElo "2145"]
[BlackElo "2120"]
[PlyCount "39"]
[EventDate "1999.??.??"]
[EventType "tourn"]
[EventRounds "11"]
[EventCountry "MEX"]
[SourceTitle "EXT 2000"]
[Source "ChessBase"]
[SourceDate "1999.11.16"]
[SourceVersion "1"]
[SourceVersionDate "1999.11.16"]
[SourceQuality "1"]

1. e4 c5 2. Nc3 Nc6 3. g3 e6 4. Bg2 Nf6 5. d3 d5 6. exd5 exd5 7. Nge2 Be7 8. 0-0 d4 9. Ne4 0-0 10. Nxf6+ Bxf6 11. Nf4 g6 12. Nd5 Be6 13. Nxf6+ Qxf6 14. Bf4 Rfe8 15. Re1 Rac8 16. Qd2 Bd7 17. Bg5 Qd6 18. Bf4 Qf6 19. Bg5 Qd6 20. Bf4 1/2-1/2

[Event "Fide Mercenarios-A"]
[Site "Mexico City"]
[Date "1999.??.??"]
[Round "7"]
[White "Sorensen, Jorn"]
[Black "De Winter, Willy"]
[Result "1/2-1/2"]
[WhiteElo "2162"]
[BlackElo "2142"]
[PlyCount "50"]
[EventDate "1999.??.??"]
[EventType "tourn"]
[EventRounds "11"]
[EventCountry "MEX"]
[SourceTitle "EXT 2001"]
[Source "ChessBase"]
[SourceDate "2000.11.22"]
[SourceVersion "1"]
[SourceVersionDate "2000.11.22"]
[SourceQuality "1"]

1. b3 Nf6 2. Bb2 g6 3. e4 d6 4. f4 Bg7 5. Nf3 0-0 6. d3 c5 7. Be2 Nc6 8. 0-0 Qb6 9. c4 a5 10. Nc3 Nd4 11. Nxd4 cxd4 12. Nd5 Nxd5 13. exd5 a4 14. Qc2 Bd7 15. Rab1 axb3 16. axb3 Ra2 17. Ra1 Rfa8 18. Rxa2 Rxa2 19. Ra1 Rxa1+ 20. Bxa1 Qa5 21. Bb2 h5 22. Kf1 Qb4 23. Bd1 b5 24. Bc1 Qa5 25. Qd2 Qa1 1/2-1/2

[Event "Fide Mercenarios 10th"]
[Site "Mexico City"]
[Date "1996.??.??"]
[Round "2"]
[White "De Winter, Willy"]
[Black "Ruiz, Guillermo"]
[Result "0-1"]
[WhiteElo "2180"]
[BlackElo "2250"]
[PlyCount "77"]
[EventDate "1996.??.??"]
[EventType "tourn"]
[EventRounds "11"]
[EventCountry "MEX"]
[SourceTitle "EXT 2000"]
[Source "ChessBase"]
[SourceDate "1999.11.16"]
[SourceVersion "1"]
[SourceVersionDate "1999.11.16"]
[SourceQuality "1"]

1. d4 Nf6 2. c4 g6 3. Nc3 d5 4. cxd5 Nxd5 5. e4 Nxc3 6. bxc3 Bg7 7. Nf3 0-0 8. Rb1 c5 9. Be2 Qa5 10. 0-0 cxd4 11. cxd4 Qxa2 12. Bg5 Re8 13. Qd3 b6 14. Qe3 Ba6 15. Bxa6 Qxa6 16. h4 Nd7 17. e5 b5 18. d5 Nb6 19. Rfd1 f6 20. Bf4 Nc4 21. Qe2 fxe5 22. Nxe5 Qf6 23. Nxc4 Qxf4 24. Rxb5 Rac8 25. Na5 Qxh4 26. Nc6 e6 27. Rb7 exd5 28. Qf3 Rf8 29. Qxd5+ Kh8 30. Rd2 h6 31. Nd8 Rf5 32. Qd7 Rh5 33. Qh3 Qf4 34. Qe3 Qh2+ 35. Kf1 Qh1+ 36. Ke2 Qxg2 37. Qe6 Re5+ 38. Qxe5 Bxe5 39. Nf7+ 0-1

[Event "Fide Mercenarios 10th"]
[Site "Mexico City"]
[Date "1996.??.??"]
[Round "4"]
[White "Sorensen, J."]
[Black "De Winter, Willy"]
[Result "0-1"]
[WhiteElo "2070"]
[BlackElo "2180"]
[PlyCount "98"]
[EventDate "1996.??.??"]
[EventType "tourn"]
[EventRounds "11"]
[EventCountry "MEX"]
[SourceTitle "EXT 2000"]
[Source "ChessBase"]
[SourceDate "1999.11.16"]
[SourceVersion "1"]
[SourceVersionDate "1999.11.16"]
[SourceQuality "1"]

1. f4 Nf6 2. Nf3 g6 3. b4 Bg7 4. Bb2 0-0 5. e3 d5 6. Be2 c6 7. 0-0 a5 8. a3 axb4 9. axb4 Rxa1 10. Bxa1 Na6 11. b5 cxb5 12. Bxb5 Qa5 13. Nc3 Ne4 14. Nxe4 dxe4 15. Bxg7 Kxg7 16. Nd4 f6 17. c3 Rd8 18. Bxa6 Qxa6 19. Qb3 Qd3 20. Ne6+ Bxe6 21. Qxe6 Rd7 22. Rd1 Qd5 23. Qxd5 Rxd5 24. Kf2 f5 25. Ke2 Kf6 26. Ra1 Ke6 27. Ra8 Kf7 28. Ra7 Rd7 29. Ra5 Kf6 30. Rb5 h6 31. h4 e6 32. Rb6 Re7 33. Rb1 g5 34. Rh1 gxf4 35. exf4 Rg7 36. Kf2 Rd7 37. Ke2 e5 38. fxe5+ Kxe5 39. Rb1 Kf4 40. Rb6 Rg7 41. Kf2 h5 42. Rb1 Rd7 43. Rb2 Kg4 44. d4 exd3 45. Rb4+ f4 46. Rd4 Rxd4 47. cxd4 Kf5 48. Kf3 b5 49. g4+ fxg3 0-1

[Event "Fide Mercenarios 4th"]
[Site "Mexico City"]
[Date "1995.??.??"]
[Round "11"]
[White "De Winter, Willy"]
[Black "Calderin Gonzalez, Roberto"]
[Result "1-0"]
[WhiteElo "2175"]
[BlackElo "2445"]
[PlyCount "67"]
[EventDate "1995.??.??"]
[EventType "tourn"]
[EventRounds "11"]
[EventCountry "MEX"]
[SourceTitle "EXT 2000"]
[Source "ChessBase"]
[SourceDate "1999.11.16"]
[SourceVersion "1"]
[SourceVersionDate "1999.11.16"]
[SourceQuality "1"]

1. Nf3 g6 2. g3 Bg7 3. Bg2 d6 4. d3 c5 5. e4 Nc6 6. 0-0 e5 7. Nc3 Nge7 8. Be3 h6 9. Qd2 Be6 10. Ne1 f5 11. f4 exf4 12. gxf4 0-0 13. Nf3 Rc8 14. Kh1 Nd4 15. Rg1 b5 16. Nh4 b4 17. Ne2 Kh7 18. Raf1 Bf6 19. Bf2 Re8 20. Nxd4 cxd4 21. Nf3 Nc6 22. Re1 Qa5 23. Bh4 Bg7 24. Qf2 Qxa2 25. b3 Qa5 26. Qg3 Rg8 27. Bh3 Bf8 28. Bf6 Be7 29. Qh4 Bxf6 30. Qxf6 fxe4 31. Bxe6 exf3 32. f5 g5 33. Bxg8+ Rxg8 34. Re6 1-0

[Event "Fide Mercenarios 7th"]
[Site "Mexico City"]
[Date "1995.??.??"]
[Round "8"]
[White "De Winter, Willy"]
[Black "Ruiz, Guillermo"]
[Result "0-1"]
[WhiteElo "2170"]
[BlackElo "2235"]
[PlyCount "84"]
[EventDate "1995.??.??"]
[EventType "tourn"]
[EventRounds "9"]
[EventCountry "MEX"]
[SourceTitle "EXT 2000"]
[Source "ChessBase"]
[SourceDate "1999.11.16"]
[SourceVersion "1"]
[SourceVersionDate "1999.11.16"]
[SourceQuality "1"]

1. d4 Nf6 2. c4 g6 3. Nc3 d5 4. Nf3 Bg7 5. Qb3 dxc4 6. Qxc4 0-0 7. e4 Na6 8. Qb3 c5 9. d5 e6 10. Bg5 Qa5 11. 0-0-0 exd5 12. Bxf6 Bxf6 13. Nxd5 Bg7 14. Ne7+ Kh8 15. Bc4 Bg4 16. Rhe1 Nb4 17. a3 Qc7 18. axb4 Qxe7 19. b5 a6 20. b6 a5 21. h3 a4 22. Qa3 Bxf3 23. gxf3 Qf6 24. Rd7 Qxb6 25. Bd5 c4 26. Rd1 Qxf2 27. Bxb7 Rab8 28. Qb4 Qxf3 29. Qxc4 a3 30. bxa3 Qxa3+ 31. Kd2 Qb2+ 32. Ke3 Rxb7 33. R7d3 Bh6+ 34. Kf3 Qf6+ 35. Kg2 Rb2+ 36. Kh1 Qf2 37. Qd4+ Qxd4 38. Rxd4 Re2 39. Rb1 Bg7 40. Ra4 h5 41. Rc1 Rd8 42. Ra7 Rdd2 0-1

[Event "Fide Mercenarios 2nd"]
[Site "Mexico City"]
[Date "1995.??.??"]
[Round "?"]
[White "Ruiz, Guillermo"]
[Black "De Winter, Willy"]
[Result "1-0"]
[WhiteElo "2230"]
[BlackElo "2200"]
[PlyCount "113"]
[EventDate "1995.??.??"]
[EventType "tourn"]
[EventRounds "11"]
[EventCountry "MEX"]
[SourceTitle "EXT 2000"]
[Source "ChessBase"]
[SourceDate "1999.11.16"]
[SourceVersion "1"]
[SourceVersionDate "1999.11.16"]
[SourceQuality "1"]

1. e4 c5 2. Nf3 Nc6 3. d4 cxd4 4. Nxd4 Nf6 5. Nc3 e5 6. Ndb5 d6 7. Bg5 a6 8. Na3 b5 9. Nd5 Be7 10. Bxf6 Bxf6 11. c3 0-0 12. Nc2 Rb8 13. Nce3 Bg5 14. a4 g6 15. axb5 axb5 16. g3 f5 17. exf5 gxf5 18. h4 Bh6 19. Qh5 Bxe3 20. fxe3 Be6 21. Bg2 e4 22. Nf4 Bc4 23. g4 Ne5 24. gxf5 Bf7 25. Qh6 Ng4 26. Qg5+ Qxg5 27. hxg5 Nxe3 28. Bxe4 d5 29. Bd3 Rbe8 30. Kd2 Nc4+ 31. Bxc4 dxc4 32. Ra7 Rd8+ 33. Kc1 Ra8 34. Rxa8 Rxa8 35. Kc2 Re8 36. Rd1 Re4 37. Rd8+ Be8 38. Ne6 Kf7 39. g6+ Ke7 40. gxh7 Rh4 41. f6+ Kxf6 42. Rxe8 Rxh7 43. Nd4 Rb7 44. Re6+ Kf7 45. Rh6 Kg7 46. Rc6 Kf7 47. Rc5 b4 48. Rxc4 bxc3 49. Kxc3 Ke7 50. Rc6 Kd7 51. b4 Ra7 52. b5 Ra4 53. b6 Ra8 54. Rc7+ Kd6 55. Nb5+ Kd5 56. b7 Rb8 57. Kb4 1-0

[Event "Fide Mercenarios 1st"]
[Site "Mexico City"]
[Date "1994.??.??"]
[Round "6"]
[White "De Winter, Willy"]
[Black "Diaz Lombardo, Isidro"]
[Result "1-0"]
[WhiteElo "2175"]
[BlackElo "2000"]
[PlyCount "69"]
[EventDate "1994.??.??"]
[EventType "tourn"]
[EventRounds "11"]
[EventCountry "MEX"]
[SourceTitle "EXT 2000"]
[Source "ChessBase"]
[SourceDate "1999.11.16"]
[SourceVersion "1"]
[SourceVersionDate "1999.11.16"]
[SourceQuality "1"]

1. d4 f5 2. g3 g6 3. Bg2 Bg7 4. Nf3 Nf6 5. 0-0 0-0 6. b3 d6 7. Bb2 Qe8 8. Nbd2 Nbd7 9. e4 f4 10. Qe2 c5 11. e5 dxe5 12. dxe5 Nd5 13. a4 Kh8 14. Rad1 Nc7 15. Ne4 b6 16. c4 Bb7 17. Bh3 Bxe4 18. Qxe4 Rd8 19. Qb7 fxg3 20. fxg3 Rxf3 21. Qxf3 Nxe5 22. Bxe5 Bxe5 23. Qe4 Bg7 24. Qb7 Rxd1 25. Rxd1 Bd4+ 26. Rxd4 cxd4 27. Qxc7 e5 28. Qc8 Qxc8 29. Bxc8 Kg7 30. Kf2 Kf6 31. Kf3 h5 32. Ke4 g5 33. b4 g4 34. c5 bxc5 35. bxc5 1-0